000 00797nam a2200229Ia 4500
005 20230210102913.0
008 210716s2003 xx 000 0 und d
020 _a8129700298
040 _cAIMIT LIBRARY
041 _aeng
082 _a658.152
_21
_bSHAA
100 _aShapiro, Alan C.
_971773
245 _aModern corporate finance :
_bmultidisciplinary approach to value creation /
_cBy Alan C Shapiro and Sheldon D Balbirer.
250 _a1st ed.
260 _aNew Delhi :
_bPearson Education ,
_c2003.
300 _axxix,545p. ;
_bPB
_c23.5 cm
650 _aEvaluting a firm's financial codition
_971774
650 _aOptions and corporate finance
_971775
650 _aBond and stoock valuation
_971776
700 _aBalbirer, Sheldon D.
_971777
942 _2ddc
_cBK
_e1st
_k658.152 SHAA
999 _c197717
_d197717